| 000 | 00566nam a2200193Ii 4500 | ||
|---|---|---|---|
| 003 | JO-AjNU | ||
| 008 | 230605s9999||||xx |||||||||||||| ||und|| | ||
| 040 |
_aJO-AjNU _bara _erda _cJO-AjNU |
||
| 041 | _aara | ||
| 050 | 1 | 4 | _aTN690. N34 1982 |
| 100 | 3 |
_aالناجي ، محمود , _eauthor _920592 |
|
| 245 | 0 | 0 | _aعلم التعدين |
| 264 | 3 | 1 | _aدمشق: مطبعة رياض ،1982 |
| 300 | _a336ص | ||
| 336 |
_atext _btxt _2rdacontent |
||
| 337 |
_aunmediated _bn _2rdamedia |
||
| 338 |
_avolume _bnc _2rdacarrier |
||
| 650 | 4 |
_aعلم التعدين _920593 |
|
| 999 |
_aA7005 _c10573 _d10573 |
||